[Event "Cannes NAO Masters"]
[Site "Cannes"]
[Date "2002.02.22"]
[Round "1"]
[White "Topalov, Veselin"]
[Black "Morozevich, Alexander"]
[Result "1-0"]
[WhiteElo "2739"]
[BlackElo "2742"]
[Annotator "Stohl,I"]
[PlyCount "65"]
[EventDate "2002.02.22"]
[EventType "tourn"]
[EventRounds "9"]
[EventCountry "FRA"]
[EventCategory "18"]
[SourceTitle "CBM 088"]
[Source "ChessBase"]
[SourceDate "2002.03.21"]
[SourceVersion "1"]
[SourceVersionDate "2002.03.21"]
[SourceQuality "1"]

1. e4 e5 2. Nf3 Nc6 3. Bb5 a6 4. Ba4 Nf6 5. O-O b5 {If Black doesn't fancy the
solid classical 5...Be7, he can strive for a more active development of his
Bf8. This plan is very popular nowadays and has its adherents at the highest
level.} ({Also playable is the immediate} 5... Bc5 {but this gives White's B a
choice after} 6. c3 b5 7. Bc2 $142 $5 (7. Bb3 d6 8. a4 {can after} Rb8 {
lead to the game position.}) 7... d6 ({Central action leads to an unpleasant
position almost by force:} 7... d5 8. d4 dxe4 9. Nxe5 Nxe5 10. dxe5 Qxd1 11.
Rxd1 Ng4 12. Bxe4 Nxf2 13. Bc6+ Ke7 14. Rd5 Bb6 15. Bg5+ $1 f6 16. exf6+ gxf6
17. Bh4 Ng4+ 18. Kh1 Rb8 19. Nd2 Be6 20. Rh5 Kf7 21. h3 Ne5 22. Rh6 $1 Ng6 23.
Rf1 f5 24. Bg5 $36 {Svidler,P-Grischuk,A/Biel/2001/}) 8. d4 Bb6 9. a4 Bg4 10.
axb5 axb5 11. Rxa8 Qxa8 12. h3 Bh5 13. d5 Na7 14. Bg5 Nd7 15. Na3 O-O 16. Qe2
Rb8 17. Rd1 Qb7 18. b4 c5 19. dxc6 Qxc6 20. Qd3 Bc7 21. g4 Bg6 22. Nh4 $16 {
(),Hracek,Z-Slobodjan,R/Lippstadt/2000/}) 6. Bb3 Bc5 {The Arkhangelsk line was
once connected mainly with} (6... Bb7 {but the B can often be effectively used
on the /^ c8-h3.}) 7. a4 {The popularity of 6...Bc5 stems also from the fact,
that White doesn't get any advantage after the seemingly tempting} (7. Nxe5
Nxe5 8. d4 Bxd4 9. Qxd4 d6 {e.g.,} 10. f4 Nc6 (10... c5 $5 11. Qd1 Ng6 12. Bd5
Nxd5 13. Qxd5 Rb8 14. Qh5 Bb7 15. Nc3 b4 16. f5 bxc3 17. fxg6 fxg6 18. Qh3 Qe7
19. e5 Rf8 20. Rxf8+ $11 {1/2,Ivanchuk,V-Anand,V/Riga Tal mem/1995/}) 11. Qc3
Bb7 12. e5 Ne4 13. Qe3 Na5 14. Nd2 Nxb3 15. cxb3 Nxd2 16. Bxd2 O-O 17. Bc3 Qh4
18. Rae1 Rfe8 19. Qf2 Qxf2+ 20. Rxf2 dxe5 $11 {1/2,Anand,V-Topalov,V/Linares/
1997/}) 7... Rb8 {In the spirit of the note to move 6, but the traditional} (
7... Bb7 {is playable as well:} 8. d3 O-O 9. Nc3 Na5 10. axb5 Nxb3 11. cxb3
axb5 12. Rxa8 Bxa8 13. Nxe5 d5 14. Bg5 dxe4 $5 (14... Be7 $44) 15. dxe4 Qxd1
16. Rxd1 b4 17. Bxf6 bxc3 18. bxc3 gxf6 19. Nd7 Bd6 20. Nxf8 Kxf8 21. f3 h5 22.
h4 Ke7 23. Kf2 Bb7 24. c4 Be5 25. Rd2 Bc8 26. Rd5 Be6 27. Ra5 c5 $1 $11 {
Kasparov,G-Kramnik,V/WCh London/2000/}) 8. c3 d6 9. d4 Bb6 10. axb5 axb5 11.
Na3 {Nowadays the main continuation, which causes Black most problems.} ({
An earlier attempt was} 11. h3 O-O 12. Re1 Bb7 ({Food for thought is also} 
12... Re8 $5 13. Na3 b4 14. Nc4 bxc3 15. bxc3 exd4 16. Nxb6 Rxb6 17. cxd4 Nxe4
18. Bxf7+ Kxf7 19. Rxe4 Rxe4 20. Ng5+ Kg8 21. Nxe4 Bf5 22. Ng5 Ne7 23. g4 Bg6
24. Ne6 {Anand,V-Topalov,V/Wijk aan Zee/1998/} Qb8 $1 $132 {/\} 25. d5 Bf7 26.
Nxg7 $2 Kxg7 27. Qd4+ Kf8 28. Bh6+ Ke8 29. Re1 Rb1 $19) 13. Na3 exd4 14. cxd4
Na5 15. Bc2 b4 16. Nb1 c5 17. Bg5 h6 18. Bh4 {when later games showed} cxd4 $1
{is playable:} (18... b3 $6 19. Bxb3 g5 $2 20. Nxg5 $1 hxg5 21. Bxg5 cxd4 22.
Ra3 $1 $40 Nc6 23. Ba2 Ne5 24. Rg3 Kh7 25. f4 Ned7 26. e5 $18 {Hracek,Z-Shirov,
A/Bundesliga 9798/1997/}) 19. Qd3 Re8 20. Nbd2 Nc6 21. Nc4 Bc7 $5 22. Nxd4 Nxd4
23. Qxd4 d5 $132) 11... O-O {Black is practically forced to sacrifice a P.} (
11... b4 $6 12. Nc4 O-O 13. Ba4 $16) (11... Ba6 12. Re1 h6 (12... O-O $6 13.
Bg5 $40) 13. Nc2 Bb7 14. Ne3 $36) 12. Nxb5 Bg4 $5 ({The alternative is the
immediate} 12... exd4 13. cxd4 Bg4 {Black has strong pressure against White's 
[+] and the exposed minor pieces on the b-file give him various tactical
chances, for example:} {The most problems are however caused by Anand's recent
idea} 14. Ra3 $5 (14. Re1 Nxd4 (14... d5 $5 $44) 15. Nbxd4 Bxd4 16. Bxf7+ Rxf7
17. Qxd4 Bxf3 18. gxf3 Qd7 $44) 14... Re8 (14... d5 $5 15. e5 Ne4 16. Qd3 $14 (
16. Be3 $2 Nxe5 $1 $15)) 15. Re1 d5 16. e5 Ne4 17. Be3 Ba5 (17... Nxe5 18. dxe5
Bxe3 19. Rxe3 Rxb5 20. Ba4 $16) 18. Na7 Bxf3 19. gxf3 $1 (19. Qxf3 Nxd4 20.
Bxd4 Bxe1 21. Nc6 Qd7 22. Nxb8 Rxb8 23. Ra7 Bb4 24. Ba4 Qe7 25. Qe3 h6 26. Bc6
Bc5 $14 {Galkin,A-Prokopchuk,E/Moscow Aeroflot/2002/}) 19... Bxe1 20. fxe4 Nxa7
21. Rxa7 dxe4 22. Ba4 Bxf2+ $5 23. Bxf2 Qg5+ 24. Bg3 Red8 25. Rxc7 Qe3+ 26. Kh1
Rxd4 27. Qb3 $1 Qf3+ 28. Kg1 Rdd8 29. Qxf3 exf3 30. b3 $16 {Anand,V-Tkachiev,V/
FIDE WCh Moscow/2001/} (30. Rc2 $5 $16)) 13. Bc2 ({But the blockade deserves
closer attention:} 13. d5 $5 Ne7 (13... Nxe4 14. dxc6 Nxf2 15. Rxf2 Bxf2+ 16.
Kxf2 Rxb5 17. Bd5 Bxf3 18. gxf3 $1 Qh4+ 19. Kg2 $16 {Acs,P-Blehm,P/Budapest zt/
2000/}) 14. Bc2 (14. Qd3 Nd7 15. Bd1 f5 16. exf5 Bxf5 17. Qc4 Nf6 18. Bg5 h6
19. Bxf6 Rxf6 20. Nd2 Qe8 21. Be2 Qf7 22. Bf3 Ng6 23. Kh1 Bd7 24. Na3 Rf8 $44 {
|^,Fressinet,L-De Vreugt,D/Zug/2001/}) 14... Bxf2+ (14... Ng6 15. h3 Bh5 16.
Qd3 $1 Nf4 17. Bxf4 exf4 18. Nbd4 Bxd4 19. Nxd4 Rxb2 20. Nc6 Qd7 21. f3 $16 {
[%csl Rh5] ץh5,Acs,P-Estrada Nieto,J/HUN-chT/2000/}) 15. Rxf2 Rxb5 16. b4 $14
{|^<<}) ({After} 13. Be3 {tactics work for Black:} exd4 14. cxd4 Nxe4 $1 15.
Bd5 Qe8 $132 {/\} 16. Qc2 $6 Bxf3 $1 (16... Nb4 $2 17. Qxe4 Qxb5 18. Qxg4 {
a Sh6} Nxd5 19. Bh6 $16) 17. Bxc6 (17. gxf3 Nb4 18. Nxc7 Nxc2 19. Nxe8 Nd2 $1
$17) 17... Qe6 18. gxf3 Qg6+ $17 19. Kh1 $2 Ng3+) 13... h6 $6 $146 {[%mdl 8]
To waste a tempo on prophylaxis in such a sharp position seems suspect.} (13...
Bxf3 14. Qxf3 (14. gxf3 $5 {is the principled alternative.}) 14... exd4 15. Bg5
h6 16. Bh4 dxc3 17. bxc3 Ne5 18. Qe2 Ng6 19. Bg3 Re8 20. Rad1 Qd7 21. Nd4 Qg4
22. f3 Qg5 23. f4 Qh5 24. Rf3 Nh4 25. Bxh4 $11 {1/2,Polgar,J-Shirov,A/Linares/
1997/}) (13... d5 14. exd5 (14. Bg5 exd4 15. cxd4 Bxf3 16. Qxf3 dxe4 (16...
Bxd4 $5 17. exd5 Qxd5 $11) 17. Bxe4 Nxd4 $11) (14. h3 Bxf3 15. Qxf3 exd4 16.
Bg5 Bc5 (16... dxc3 17. bxc3 $14) 17. Bxf6 Qxf6 18. Qxf6 gxf6 19. Nxc7 Rxb2 20.
Ba4 dxc3 $5 21. Nxd5 (21. Bxc6 Rc8 22. Nxd5 Rxc6 $11) (21. Na6 $5) 21... Ne5
22. Nxc3 Nd3 $44) 14... Qxd5 15. dxe5 Qxb5 16. Ba4 $1 (16. exf6 Rbd8 $13) 16...
Bxf3 17. Qxf3 $1 Nxe5 18. Bxb5 Nxf3+ 19. gxf3 Bxf2+ 20. Kxf2 Rxb5 21. Ra7 $14 {
White gets a somewhat better _|_ practically by force, even later in the game
we will see such positions don't suit Morozevich too well.}) 14. dxe5 $6 {
This isn't an ideal solution, as it activates Black's forces.} ({On the
following day Morozevich dared to repeat the line, but the first to improve
was his opponent:} 14. d5 $142 $5 Ne7 15. h3 Bh5 16. Kh1 Nxe4 $6 (16... Bxf2
17. Nxd6 $16) 17. Bxe4 f5 18. Bc2 Qe8 19. Ba4 e4 20. Nxc7 Qf7 21. Ne6 exf3 22.
gxf3 Qf6 23. Nxf8 Rxf8 24. Bb5 Qh4 25. Kg2 g5 26. Ra4 f4 27. Bd7 Ng6 28. Re4
Ne5 29. Rxe5 dxe5 30. Qd3 Kg7 31. Qe4 Bc7 32. Bf5 $18 {Leko,P-Morozevich,A/NAO
Cannes/2002/}) (14. Be3 d5 $132 {[+]} (14... Bxd4 $2 15. cxd4 Rxb5 16. Ba4 $18)
) (14. Re1 $5 {also seems better than the text move.}) 14... Nxe5 15. Nbd4 d5 {
White is close to consolidation, so Black must act.} ({Perhaps it was here
Morozevich wanted to improve with} 15... c5 $1 16. Nb3 $5 (16. h3 cxd4 17. hxg4
dxc3 18. g5 cxb2 19. Bxb2 Nfg4 $1 20. Nxe5 Nxe5 21. gxh6 Bxf2+ $11) (16. Nf5
Nxf3+ 17. gxf3 Bxf5 18. exf5 d5 $44 {|^[+]}) (16. Nb5 Bxf3 17. gxf3 Qd7 $1 18.
f4 $8 (18. Nxd6 $2 Qh3 19. Bf4 Nxf3+ 20. Kh1 Ng4 $19) 18... Qxb5 19. fxe5 dxe5
20. Qf3 Ra8 $5 $11) 16... Nh7 $1 $44 {/\Ng5,Qf6 and the nagging pin gives
Black compensation.}) ({Simplistic is} 15... Bxd4 $2 16. cxd4 Nxf3+ 17. gxf3
Bh3 18. Re1 $16 {and White has both a positional and material advantage.}) 16.
exd5 (16. h3 $142 $5 dxe4 (16... Bh5 17. g4 Nxf3+ 18. Qxf3 (18. Nxf3 $143 Bg6
$13) 18... dxe4 (18... Bg6 $2 19. Nc6 $16) 19. Qg2 $1 Bxd4 20. gxh5 $18 {
/\Bh6->}) (16... Nxf3+ 17. Nxf3 $16 {leads nowhere.}) 17. hxg4 exf3 18. g5 $1
hxg5 (18... fxg2 19. Re1 $1 Nfd7 (19... Nfg4 $6 20. Kxg2 {[%cal Rf2f3] /\f3})
20. gxh6 Qh4 21. Kxg2 $5 Ng4 22. h7+ Kh8 23. Qf3 $16) 19. Nxf3 Qxd1 20. Rxd1
Nxf3+ 21. gxf3 $14 {|^_|_ gives White a slightly better version of the game
position-his Pb2 is not under direct pressure and he can preserve his strong
^^.}) 16... Qxd5 $8 (16... Bxd4 $6 17. Qxd4 Nxf3+ 18. gxf3 Bxf3 19. c4 $16) 17.
h3 (17. Bf4 Bxd4 18. Bxe5 Bxe5 $11 (18... Qxe5 $5 19. cxd4 Qh5 $44)) 17... Bh5
{[%cal Rc7c5,Rb6d4] /\c5,Bd4} 18. g4 $1 {[%mdl 64] White has to get rid of the
pin, so he initiates a tactical sequence, which transposes the game into an
_|_.} (18. Bf4 $6 Bxd4 19. Bxe5 Bxe5 20. Qxd5 Nxd5 21. Nxe5 Rxb2 $15) 18...
Nfxg4 {After 16.h3!? Black didn't have this option.} 19. Nxe5 (19. hxg4 $2 Bxg4
20. Nxe5 Bxd1 21. Ndc6 (21. Nec6 Rbe8 22. Rxd1 Qh5 $40) 21... Qxe5 (21... Qc5
$5 22. Bxd1 Rbe8 $15) 22. Nxe5 Bxc2 23. Nd7 Ra8 24. Be3 Rxa1 25. Rxa1 Rd8 26.
Nxb6 cxb6 27. Bxb6 Rb8 $15 {_|_}) 19... Nxe5 (19... Ne3 $5 20. Bxe3 Bxd1 21.
Nec6 Bc5 (21... Qh5 $5) 22. Rfxd1 (22. Bxd1 Rxb2 23. Bf3 Qc4 $15) 22... Rxb2
23. Rd2 $13) 20. Qxh5 Bxd4 21. Qf5 Nf3+ (21... g6 $6 22. Qe4 $16 {[%csl Rh6]
><h6}) 22. Kh1 Qxf5 23. Bxf5 $36 {[%csl Gc1,Gf5] /+/=} Bf6 {[%csl Rc1] Pins
the B to c1.} (23... Bb6 $143 24. Be4 Nh4 25. Bf4 $36) 24. Ra7 (24. Be4 Ne5 {
would probably only transpose.} (24... Ng5 25. Bg2 $14)) 24... c5 (24... Rfd8
25. Bg4 $5 (25. Rxc7 Nh2 $1 26. Re1 Nf3 $11 {is an attractive repetition.})
25... Nd2 26. Rd1 Ne4 27. Kg2 $14) 25. Be4 Ne5 26. Rd1 $1 {[%cal Ye4d5] /\Bd5}
(26. Bd5 Nd3 $11) 26... Nc4 27. Bb7 Bg5 (27... Rfd8 28. Rxd8+ (28. Bd5 $6 Kh8
$1 $132) 28... Rxd8 29. Ra8 $14 (29. Kg2 $5 $14)) 28. Bxg5 (28. f4 {maintains
the ^^, but compromises the Bc1} Bf6 $13 {[%csl Rc1]}) 28... hxg5 29. b3 Ne5 $2
{[%mdl 8192] This costs Black a pawn and prepares the final tactical oversight.
} (29... Nb6 $8 30. Bf3 (30. Kg2 Nc8 $11) 30... Rfd8 $14 {/= is passive, but
gives Black reasonable drawing chances.}) 30. Rd5 Rfe8 31. Rxc5 Re7 {Black
continues down the lethal path.} (31... Nd3 $142 32. Rc7 (32. Rxg5 Nxf2+ 33.
Kg2 Nd1 34. c4 $16) 32... Nxf2+ 33. Kh2 Nd3 34. Bg2 $5 $16) 32. Rb5 $18 {
White can get out of the pin with Ra8, or by advancing his Pc3, but he has
even a direct threat.} Nd3 $2 33. Be4 $1 (33. Be4 Rxe4 (33... Nxf2+ 34. Kg2
Ree8 35. Rxb8 Rxb8 36. Kxf2 $18) 34. Rxb8+ Kh7 35. Rxf7 $18) 1-0